[Event "Mechanics' Fall TNM; 30/90, SD/30"]
[Site "San Francisco"]
[Date "2013.11.05"]
[Round "3.1"]
[White "Byambaa, Uyanga"]
[Black "Winslow, Elliott"]
[Result "1-0"]
[WhiteElo "2066"]
[BlackElo "2280"]
[Annotator "Houdini and Donaldson"]
[PlyCount "53"]
[EventDate "2013.??.??"]

1. e4 c5 2. Nf3 d6 3. d4 cxd4 4. Nxd4 Nf6 5. Nc3 g6 {IM Winslow is a lifelong
Najdorf afficionado but in his 6th decade still actively follows theory and
plays new openings at an age when most of his contemporaries are armchair
warriors. Bravo Elliott!} 6. Be3 Bg7 7. f3 Nc6 8. Bc4 O-O 9. Qd2 Bd7 10. Bb3
Rc8 11. O-O-O Nxd4 12. Bxd4 b5 {Topalov's variation which is considered to be
one of Black's best tries in the Dragon.} 13. h4 b4 (13... a5 {
is more commonly seen when} 14. h5 a4 15. Bxf6 exf6 16. Bd5 f5 17. hxg6 hxg6
18. g4 {is one test of Black's resources.}) 14. Nd5 Nxd5 15. Bxd5 (15. Bxg7
Kxg7 16. Bxd5 {was an important alternative.}) 15... Bxd4 16. Qxd4 Qc7 {
This is the difference between trading on g7 and letting Black exchange on d4.
Now Elliott picks up an important tempo.} 17. Rd2 Qc5 $1 {Black has equalized.}
18. h5 Qxd4 19. Rxd4 a5 20. hxg6 hxg6 21. e5 Bf5 22. Rdh4 $2 {Uyanga loves to
attack but sometimes she overdoes things. This is the case here.} (22. Bb3 $11)
(22. Rd2 $11) 22... dxe5 $2 (22... Rxc2+ $1 23. Kd1 g5 $1 24. Rh8+ (24. Rh5
Rxg2 $17) 24... Kg7 25. Rxf8 Kxf8 $19 26. g4 Bg6 27. exd6 exd6 28. Rh8+ Ke7 29.
Ra8 Kf6 30. Rxa5 Rxb2 {leaves Black with the better side of the ending due to
his better king position.}) 23. g4 Rxc2+ 24. Kd1 Rc5 $2 (24... Rfc8 {leads to e
ndings where Black has three pawns for the piece and drawing chances in some
variations. Elliott is a much better endgame player than Uyanga and has
swindled her several times in this phase of the game so this was a real
practical chance.} 25. gxf5 (25. Rh8+ Kg7 26. gxf5 Rc1+ (26... Rxh8 27. Rxh8
Rc5 28. Rd8 gxf5 $16 {is not as good as Black's rook is not as active.}) 27.
Kd2 Rxh1 28. Rxc8 gxf5 $14) 25... Rc1+ 26. Ke2 Rxh1 27. Rxh1 gxf5 $14) 25. Bb3
Rd8+ {The end.} (25... Be6 26. Rh8+ Kg7 27. R1h7+ Kf6 28. Rxf8 $18 {
wins on the spot and}) (25... Rfc8 26. gxf5 Rc1+ 27. Ke2 Rxh1 28. Rxh1 gxf5 29.
Rd1 e6 30. Rd7 Kf8 31. Rb7 Rc5 {leaves Black very passive but would allow him
to continue to play albeit not with favorable prospects.}) 26. Ke2 (26. Ke2
Bd3+ 27. Ke3 Kg7 28. g5 e6 29. Rh7+ Kf8 30. Rh8+ Ke7 31. Rxd8 Kxd8 32. Kxd3 {
winning.}) 26... Bd3+ 27. Ke3 1-0

[Event "Mechanics' Summer TNM; 30/90, SD/30"]
[Site "San Francisco"]
[Date "2013.06.04"]
[Round "2.15"]
[White "Campers, Willie"]
[Black "Andries, Craig"]
[Result "1-0"]
[WhiteElo "1656"]
[BlackElo "1963"]
[PlyCount "157"]
[EventDate "2013.??.??"]

1. e4 d6 2. d4 g6 3. Be3 Nf6 4. f3 Bg7 5. Qd2 c6 6. Bh6 Bxh6 7. Qxh6 Qb6 8. Nd2
Qxb2 9. Rb1 Qxd4 10. Ne2 Qa4 11. Nc1 Nbd7 12. Bc4 Ne5 13. Bb3 Qa5 14. O-O Bd7
15. Kh1 O-O-O 16. Nc4 Nxc4 17. Bxc4 Be6 18. Bd3 Nd7 19. Nb3 Qc3 20. Qe3 c5 21.
Qf2 Nb6 22. Nd2 g5 23. a4 Kb8 24. a5 Nc4 25. Nxc4 Bxc4 26. a6 b6 27. Qe3 f6 28.
f4 h6 29. e5 dxe5 30. fxe5 Bd5 31. exf6 exf6 32. Qe7 Qe5 33. Qxf6 Qxf6 34. Rxf6
c4 35. Be2 Kc7 36. c3 Rd6 37. Rbf1 h5 38. h3 g4 39. Kh2 Rh6 40. Rf8 Rdg6 41.
R1f5 Kd6 42. Rd8+ Kc7 43. Rfxd5 g3+ 44. Kg1 Re6 45. Bf1 Rhf6 46. Rd1 b5 47.
R8d5 Rd6 48. Rc5+ Kb6 49. Rxd6+ Rxd6 50. Rxh5 Re6 51. Rg5 Re3 52. h4 Rxc3 53.
h5 Re3 54. h6 Re6 55. h7 Rh6 56. Rg6+ Rxg6 57. h8=Q Rc6 58. Qa1 c3 59. Bd3 b4
60. Qb1 Kc5 61. Qb3 Kd4 62. Bc2 Rb6 63. Kf1 Ke3 64. Qc4 Rf6+ 65. Kg1 Rb6 66.
Qd3+ Kf4 67. Qf3+ Ke5 68. Qxg3+ Kd4 69. Qd3+ Kc5 70. Bb3 Kc6 71. g4 Kc7 72. g5
Rd6 73. Qc4+ Rc6 74. Qxb4 c2 75. Qb7+ Kd6 76. Bxc2 Rxc2 77. Qxa7 Rc1+ 78. Kg2
Rc2+ 79. Kg3 1-0

[Event "Mechanics' Spring TNM; 30/90, SD/30"]
[Site "San Francisco"]
[Date "2013.04.16"]
[Round "5.33"]
[White "Campers, Willie"]
[Black "Cole, Tony"]
[Result "0-1"]
[WhiteElo "1661"]
[BlackElo "1439"]
[PlyCount "92"]
[EventDate "2013.??.??"]

1. e4 e5 2. Nf3 Nc6 3. Bb5 Nge7 4. c3 d5 5. Qe2 a6 6. Ba4 Bg4 7. d3 b5 8. Bb3
d4 9. Bxf7+ Kd7 10. Bd5 h6 11. a4 Nxd5 12. exd5 Na5 13. Nxe5+ Kc8 14. Qxg4+ Kb7
15. O-O Qxd5 16. cxd4 b4 17. Nd2 Bd6 18. Ndc4 Nb3 19. Rb1 Nxd4 20. Nxd6+ cxd6
21. Nc4 Kc7 22. Bf4 Rad8 23. b3 g5 24. Be3 Nf5 25. Bb6+ Kb8 26. Bxd8 Rxd8 27.
Qe2 Nh4 28. Qe4 Qf7 29. Rbe1 d5 30. Qe5+ Ka7 31. Qe7+ Rd7 32. Qxf7 Rxf7 33. Ne5
Rg7 34. Nc6+ Kb6 35. Nxb4 d4 36. Re6+ Kc5 37. Nxa6+ Kd5 38. Rxh6 Nf5 39. Rb6
Nh4 40. Rc1 Ke5 41. Rc5+ Kf4 42. g3+ Kf3 43. Rf6+ Ke2 44. gxh4 gxh4+ 45. Kh1 h3
46. Rh5 Kf1 0-1

[Event "Mechanics' Spring TNM; 30/90, SD/30"]
[Site "San Francisco"]
[Date "2013.03.19"]
[Round "1.9"]
[White "Campers, Willie"]
[Black "Gaffagan, Steven"]
[Result "0-1"]
[WhiteElo "1661"]
[BlackElo "2086"]
[PlyCount "98"]
[EventDate "2013.??.??"]

1. e4 e5 2. Nf3 Nc6 3. Bb5 a6 4. Ba4 f5 5. d3 Nf6 6. Bg5 d6 7. c3 Be7 8. O-O
O-O 9. Bb3+ Kh8 10. Nbd2 Qe8 11. Re1 Qh5 12. Nf1 f4 13. h3 Bd7 14. Qe2 Rae8 15.
Rad1 Na5 16. Bc2 h6 17. Bxf6 gxf6 18. N1h2 Rg8 19. Kh1 Rg7 20. Rg1 Bd8 21. b4
Nc6 22. a4 Ne7 23. Bb3 f5 24. d4 fxe4 25. Qxe4 Bc6 26. d5 Bd7 27. Qe2 Ng8 28.
Qc2 Nf6 29. c4 Reg8 30. c5 Bf5 31. Qe2 Ne4 32. Qe1 Bh4 33. Rd2 Bxf2 34. Qxf2
Ng3+ 35. Qxg3 fxg3 36. b5 axb5 37. axb5 gxh2 38. Nxh2 Bxh3 39. b6 Bxg2+ 40.
Rdxg2 Rxg2 41. Rxg2 Rxg2 42. Kxg2 cxb6 43. cxd6 Qg6+ 44. Kf2 Qxd6 45. Nf3 Qc5+
46. Kg3 Kg7 47. Nxe5 Qe3+ 48. Nf3 Qxb3 49. Kf4 Qxd5 0-1

[Event "Mechanics' Winter TNM; 30/90, SD/30"]
[Site "San Francisco"]
[Date "2013.02.12"]
[Round "6.33"]
[White "Campers, Willie"]
[Black "Hilliard, Michael"]
[Result "0-1"]
[WhiteElo "1601"]
[BlackElo "1429"]
[PlyCount "72"]
[EventDate "2013.??.??"]

1. e4 c6 2. d4 d5 3. e5 Bf5 4. Nf3 e6 5. c3 c5 6. Bb5+ Nd7 7. O-O a6 8. Be2 f6
9. Nh4 Ne7 10. f4 Qb6 11. g4 Bxb1 12. Rxb1 cxd4 13. cxd4 fxe5 14. fxe5 Nxe5 15.
Qa4+ N5c6 16. Be3 Qb4 17. Qc2 Nxd4 18. Qd3 Nxe2+ 19. Qxe2 Nc6 20. a3 Qd6 21.
Bb6 Be7 22. Ng2 Bf6 23. Rbd1 O-O 24. b4 Rfe8 25. Bc5 Qd7 26. Nf4 d4 27. Nh5 Be7
28. Bb6 Bd8 29. Bxd8 Raxd8 30. Rf4 e5 31. Re4 b5 32. Qd2 Qd5 33. Qg5 Qf7 34.
Rf1 Qg6 35. Nf6+ gxf6 36. Qc1 Qxe4 0-1

[Event "Mechanics' Winter TNM; 30/90, SD/30"]
[Site "San Francisco"]
[Date "2013.01.15"]
[Round "2.13"]
[White "Campers, Willie"]
[Black "Jones, James"]
[Result "0-1"]
[WhiteElo "1601"]
[BlackElo "2007"]
[PlyCount "62"]
[EventDate "2013.??.??"]

1. e4 c5 2. d3 d6 3. Nf3 g6 4. Nc3 Bg7 5. Be3 Nf6 6. h3 Nc6 7. Qd2 Qb6 8. O-O-O
Be6 9. Ng5 Bxa2 10. Nxa2 Nxe4 11. Nc3 Nxd2 12. Bxd2 e6 13. Nge4 Nb4 14. Na4 Qc6
15. Nac3 O-O 16. g4 d5 17. Ng5 h6 18. Nf3 d4 19. Ne4 f5 20. gxf5 exf5 21. Bg2
fxe4 22. dxe4 Qxe4 23. Ne1 Qe6 24. Bxb4 cxb4 25. Nd3 a5 26. Kb1 Kh8 27. Rhe1
Qc4 28. Bxb7 Rab8 29. Re7 b3 30. cxb3 Qxb3 31. Rd2 Rxb7 0-1

[Event "Mechanics' Summer TNM; 30/90, SD/30"]
[Site "San Francisco"]
[Date "2013.06.11"]
[Round "3.6"]
[White "Campers, Willie"]
[Black "Klinetobe, David"]
[Result "0-1"]
[WhiteElo "1656"]
[BlackElo "2034"]
[PlyCount "46"]
[EventDate "2013.??.??"]

1. e4 e6 2. d4 d5 3. Nc3 Bb4 4. e5 c5 5. Bd2 cxd4 6. Nb5 Bc5 7. b4 Be7 8. Qg4
g6 9. Nxd4 Nc6 10. Nxc6 bxc6 11. Nf3 h5 12. Qg3 Nh6 13. Bxh6 Rxh6 14. h4 Bxb4+
15. Nd2 Bxd2+ 16. Kxd2 Qa5+ 17. c3 Rb8 18. Bd3 Rb2+ 19. Bc2 Qa4 20. Rhc1 Ba6
21. Qe3 Qc4 22. Re1 Rh8 23. Qxa7 Qd3+ 0-1

[Event "Mechanics' Winter TNM; 30/90, SD/30"]
[Site "San Francisco"]
[Date "2013.01.29"]
[Round "4.18"]
[White "Campers, Willie"]
[Black "Ochoa, Jason"]
[Result "0-1"]
[WhiteElo "1601"]
[BlackElo "1913"]
[PlyCount "72"]
[EventDate "2013.??.??"]

1. e4 c5 2. d3 g6 3. f4 Bg7 4. Nf3 Nc6 5. g3 d6 6. Bg2 Qb6 7. c3 Nf6 8. O-O Bg4
9. h3 Bd7 10. g4 c4+ 11. d4 Nxe4 12. Qe1 Nf6 13. Nbd2 d5 14. Kh1 O-O 15. Rb1
Qc7 16. Ne5 e6 17. Ndf3 Ne8 18. Be3 f6 19. Nxd7 Qxd7 20. Qh4 Nd6 21. Nd2 Rae8
22. Rfe1 e5 23. fxe5 fxe5 24. dxe5 Bxe5 25. Bd4 Bxd4 26. cxd4 Ne4 27. Nxe4 dxe4
28. Qg3 Qxd4 29. Red1 Qe5 30. Qxe5 Rxe5 31. Re1 e3 32. b3 c3 33. Rbc1 e2 34.
Rxc3 Rd8 35. Rcc1 Nb4 36. Kg1 Nd3 0-1

[Event "Mechanics' Summer TNM; 30/90, SD/30"]
[Site "San Francisco"]
[Date "2013.07.16"]
[Round "8.15"]
[White "Campers, Willie"]
[Black "Rudyak, Felix"]
[Result "0-1"]
[WhiteElo "1656"]
[BlackElo "1946"]
[PlyCount "72"]
[EventDate "2013.??.??"]

1. e4 c5 2. Nf3 d6 3. d4 cxd4 4. Nxd4 Nf6 5. Nc3 a6 6. Be2 e5 7. Nb3 Be7 8. Be3
O-O 9. O-O Be6 10. f4 exf4 11. Rxf4 Nc6 12. Nc1 Ne5 13. b3 Rc8 14. Na4 Ng6 15.
Rf1 Nxe4 16. Bf3 d5 17. c4 Bf6 18. Bd4 dxc4 19. Ne2 Bxd4+ 20. Nxd4 Bd5 21. Nf5
Nf6 22. Bxd5 Qxd5 23. bxc4 Qxd1 24. Rfxd1 Rxc4 25. Nb6 Rc2 26. a4 Nf4 27. Ne3
Re2 28. Ra3 Re8 29. Nbc4 b5 30. axb5 axb5 31. Nd6 R8xe3 32. Ra8+ Ne8 33. Nxb5
Rxg2+ 34. Kh1 Ree2 35. Rda1 Rxh2+ 36. Kg1 Reg2+ 0-1

[Event "Mechanics' Spring TNM; 30/90, SD/30"]
[Site "San Francisco"]
[Date "2013.04.02"]
[Round "3.18"]
[White "Campers, Willie"]
[Black "Todortsev, Victor"]
[Result "0-1"]
[WhiteElo "1661"]
[BlackElo "1910"]
[PlyCount "100"]
[EventDate "2013.??.??"]

1. e4 c5 2. Nf3 d6 3. d4 cxd4 4. Nxd4 Nf6 5. Nc3 g6 6. Be2 Bg7 7. Be3 O-O 8. f3
Nc6 9. Qd2 Bd7 10. g4 Rc8 11. O-O-O Ne5 12. h4 h5 13. gxh5 Nxh5 14. Rdg1 Nc4
15. Qd3 Nxe3 16. Qxe3 Qb6 17. Nf5 Qxe3+ 18. Nxe3 Bh6 19. Kd2 Nf4 20. Bd1 Rc5
21. Ke1 Nh3 22. Ng4 Nxg1 23. Nxh6+ Kh7 24. Ng4 f5 25. exf5 gxf5 26. Ne3 Re5 27.
Kf2 Rg8 28. Ncd5 f4 29. Nxf4 Rf8 30. Nd3 Nh3+ 31. Rxh3 Bxh3 32. Nxe5 dxe5 33.
Be2 e4 34. Kg3 exf3 35. Bxf3 Be6 36. c4 b6 37. b3 Rd8 38. Be4+ Kg7 39. Kf4 Kf6
40. Bd5 Rh8 41. Bxe6 Kxe6 42. Kg5 Ke5 43. Ng4+ Kd4 44. Nh6 e5 45. Nf5+ Kd3 46.
h5 e4 47. h6 e3 48. Kg6 e2 49. Kg7 Rxh6 50. Kxh6 e1=Q 0-1

[Event "Mechanics' Summer TNM; 30/90, SD/30"]
[Site "San Francisco"]
[Date "2013.06.25"]
[Round "5.8"]
[White "Campers, Willie"]
[Black "Zhao, Art"]
[Result "0-1"]
[WhiteElo "1656"]
[BlackElo "2037"]
[Annotator "Donaldson"]
[PlyCount "36"]
[EventDate "2013.??.??"]

1. e4 c5 2. Nf3 d6 3. d4 cxd4 4. Nxd4 Nf6 5. Nc3 Nc6 6. Bb5 Bd7 7. Nxc6 Bxc6 8.
Bd3 e6 9. O-O Be7 10. Qe2 O-O 11. Rd1 Qc7 12. Be3 Rfd8 13. f4 d5 14. e5 $2 d4
$1 15. exf6 Bxf6 16. Bxh7+ $4 (16. Ne4 Bxe4 17. Bxe4 dxe3 $17) 16... Kxh7 17.
Qh5+ Kg8 18. Bf2 dxc3 0-1

[Event "Mechanics' Neil Falconer TNM; 30/90, SD"]
[Site "San Francisco"]
[Date "2013.09.03"]
[Round "5.16"]
[White "Campers Jr, Willie"]
[Black "Askin, Michael"]
[Result "0-1"]
[WhiteElo "1648"]
[BlackElo "1887"]
[PlyCount "94"]
[EventDate "2013.??.??"]

1. e4 c5 2. Nf3 d6 3. d4 cxd4 4. Nxd4 Nf6 5. Nc3 a6 6. Be2 e5 7. Nb3 Be7 8. Be3
O-O 9. O-O Be6 10. f4 exf4 11. Rxf4 Nc6 12. Nd4 Nxd4 13. Bxd4 Nd7 14. Nd5 Bg5
15. Rf1 Bxd5 16. exd5 Rc8 17. c4 Ne5 18. b3 Qa5 19. Rf5 Bd2 20. Qc2 Rfe8 21.
Rd1 Bh6 22. Rh5 Qc7 23. Bd3 b5 24. Bxh7+ Kf8 25. Bf5 Rb8 26. Rf1 bxc4 27. Bxe5
Rxe5 28. bxc4 Qc5+ 29. Kh1 Qd4 30. Bg6 Rxh5 31. Bxh5 Rb2 32. Qf5 Ke7 33. Qxf7+
Kd8 34. Qf8+ Kc7 35. Qe7+ Kb6 36. Qxd6+ Ka5 37. Qa3+ Kb6 38. Bf3 Qf2 39. c5+
Ka7 40. Qd3 Rd2 41. Qb1 Rb2 42. Qe1 Qxc5 43. a4 Bf4 44. Qe8 Bc7 45. Qg6 Rf2 46.
Rd1 Qc4 47. Qe4 Rf1+ 0-1

[Event "Mechanics' Neil Falconer TNM; 30/90, SD"]
[Site "San Francisco"]
[Date "2013.10.01"]
[Round "9.14"]
[White "Campers Jr, Willie"]
[Black "Drane, Robert"]
[Result "1-0"]
[WhiteElo "1648"]
[BlackElo "1811"]
[PlyCount "97"]
[EventDate "2013.??.??"]

1. e4 Nf6 2. Nc3 e5 3. Bc4 Nxe4 4. Qh5 Nd6 5. Qxe5+ Qe7 6. Qxe7+ Bxe7 7. Bb3
Nc6 8. Nd5 Bd8 9. c3 Ne5 10. Nf4 Bg5 11. d4 Bxf4 12. dxe5 Bxe5 13. Nf3 Bf6 14.
Bg5 Bxg5 15. Nxg5 h6 16. Nf3 b6 17. O-O O-O 18. Ne5 Kh8 19. Rfe1 a5 20. a4 c5
21. Rad1 c4 22. Bc2 Nb7 23. Nxc4 Nc5 24. b3 Rb8 25. Rd6 Ba6 26. Nxb6 Rfe8 27.
Red1 Re6 28. b4 Rxb6 29. Rxb6 Rxb6 30. bxc5 Rb2 31. Be4 Bb7 32. Bxb7 Rxb7 33.
f3 Rc7 34. Rd5 Kg8 35. Kf2 Kf8 36. Ke3 Ke7 37. Kd4 f6 38. Kc4 Rb7 39. Rd2 Rb1
40. Re2+ Kd8 41. h4 h5 42. g4 hxg4 43. fxg4 Rb7 44. Rd2 Rc7 45. Rd6 Rc6 46. Kb5
Kc7 47. Rxc6+ dxc6+ 48. Kxa5 g6 49. Kb4 1-0

[Event "Mechanics' Fall TNM; 30/90, SD/30"]
[Site "San Francisco"]
[Date "2013.11.26"]
[Round "6.11"]
[White "Campers Jr, Willie"]
[Black "Klinetobe, David"]
[Result "0-1"]
[WhiteElo "1782"]
[BlackElo "2035"]
[PlyCount "46"]
[EventDate "2013.??.??"]

1. e4 e6 2. d4 d5 3. Nc3 Bb4 4. e5 c5 5. Bd2 Nh6 6. Nb5 Bxd2+ 7. Qxd2 O-O 8.
dxc5 Nc6 9. Nf3 b6 10. cxb6 Qxb6 11. Bd3 f6 12. exf6 Rxf6 13. O-O e5 14. Be2
Be6 15. c3 Raf8 16. h3 Rxf3 17. gxf3 Qd8 18. Kh2 Qh4 19. Nc7 Qxh3+ 20. Kg1 Rf4
21. Qxf4 exf4 22. Nxe6 Qxe6 23. Bd3 Ne5 0-1

[Event "Mechanics' Neil Falconer TNM; 30/90, SD"]
[Site "San Francisco"]
[Date "2013.08.06"]
[Round "1.10"]
[White "Campers Jr, Willie"]
[Black "Klinetobe, David"]
[Result "1-0"]
[WhiteElo "1648"]
[BlackElo "2035"]
[Annotator "Donaldson"]
[PlyCount "111"]
[EventDate "2013.??.??"]

1. e4 e6 2. d4 d5 3. Nc3 Bb4 4. e5 c5 5. Bd2 cxd4 6. Nb5 Bc5 7. Qg4 Kf8 8. Nf3
Nc6 9. Be2 a6 10. Na3 f6 11. exf6 Nxf6 12. Qh4 Qe7 13. O-O Ne4 14. Bg5 Nxg5 15.
Nxg5 h6 16. Qf4+ Qf6 17. Nh3 e5 18. Qg3 Bxh3 19. Qxh3 Rd8 20. Kh1 g6 21. c4
dxc3 22. Qxc3 Bb4 23. Qb3 Qd6 24. Nc2 Rd7 25. Rad1 Bc5 26. Qf3+ Kg7 27. Bc4 d4
28. Qe4 Rf8 29. g3 Qf6 30. Ne1 Qf5 31. Bd5 Qxe4+ 32. Bxe4 Nb4 33. a3 Nd5 34.
Nd3 Ba7 35. Nxe5 Re7 36. Bxd5 Rxe5 37. Bxb7 Re2 38. b4 Rfxf2 39. Rxf2 Rxf2 40.
Bxa6 Ra2 41. Rd3 Kf6 42. Bc4 Rc2 43. Rf3+ Ke5 44. Bd3 Rc3 45. Be2 Ke4 46. Kg2
Rxf3 47. Bxf3+ Ke3 48. a4 Bb6 49. a5 Bc7 50. h4 g5 51. hxg5 hxg5 52. a6 Bb6 53.
b5 d3 54. Bh5 Kd2 55. Kf3 Ke1 $4 (55... Kc3 56. Ke4 Kc4 $11) 56. Ke4 1-0

[Event "Mechanics' Neil Falconer TNM; 30/90, SD"]
[Site "San Francisco"]
[Date "2013.08.20"]
[Round "3.18"]
[White "Campers Jr, Willie"]
[Black "Krasnov, Steven"]
[Result "0-1"]
[WhiteElo "1648"]
[BlackElo "1862"]
[PlyCount "148"]
[EventDate "2013.??.??"]

1. e4 c5 2. Nf3 d6 3. g3 Nc6 4. Bg2 g6 5. c3 Nf6 6. d3 Bg7 7. Bf4 e5 8. Bg5 h6
9. Bd2 Be6 10. Na3 Qd7 11. h3 a6 12. Nc2 Rd8 13. c4 b5 14. b3 O-O 15. Rb1 Rb8
16. Kf1 bxc4 17. bxc4 Rxb1 18. Qxb1 Rb8 19. Qc1 Kh7 20. Kg1 Qb7 21. Kh2 Qb2 22.
a3 Nh5 23. Ne3 Nd4 24. Nxd4 exd4 25. Nd5 Qa2 26. Rd1 Rb2 27. Be1 Be5 28. Rd2
Rb1 29. Rxa2 Rxc1 30. Ba5 Rd1 31. Bd2 f5 32. Bf3 Rb1 33. Nc7 Bc8 34. Nd5 Nf6
35. Ne7 Bd7 36. exf5 gxf5 37. Be2 Ng8 38. Nd5 Ba4 39. Ba5 Nf6 40. Nc7 Bc6 41.
f3 Nh5 42. Nd5 Bxd5 43. cxd5 Nxg3 44. Kg2 Nxe2 45. Rxe2 Rb3 46. Rd2 Rxa3 47.
Bd8 Kg6 48. Kf2 Bf4 49. Rd1 Ra2+ 50. Kf1 Bg3 51. Be7 Rf2+ 52. Kg1 Rxf3 53. Kg2
Re3 54. Bd8 Be5 55. h4 Kh5 56. Kf2 Kg4 57. Rg1+ Rg3 58. Rd1 Re3 59. Be7 Rf3+
60. Ke2 Bg3 61. Kd2 Rf2+ 62. Kc1 Re2 63. Bf6 Re1 64. Rxe1 Bxe1 65. Be7 Bg3 66.
Kd2 Kf3 67. Bf6 a5 68. Bg7 a4 69. h5 Kg4 70. Bxh6 Kxh5 71. Bf8 Kg4 72. Kc2 f4
73. Bxd6 f3 74. Kd2 Bxd6 0-1

[Event "Mechanics' Fall TNM; 30/90, SD/30"]
[Site "San Francisco"]
[Date "2013.11.12"]
[Round "4.23"]
[White "Campers Jr, Willie"]
[Black "Olson, David"]
[Result "1-0"]
[WhiteElo "1782"]
[BlackElo "1447"]
[PlyCount "77"]
[EventDate "2013.??.??"]

1. e4 e5 2. Nf3 Nc6 3. Bb5 d6 4. O-O Bg4 5. c3 Nf6 6. d3 a6 7. Ba4 b5 8. Bb3
Na5 9. Bc2 c5 10. Bg5 Be7 11. Nbd2 c4 12. d4 O-O 13. Re1 Qb6 14. Be3 Qb7 15.
Bg5 Nh5 16. Bxe7 Qxe7 17. g3 Nb7 18. Nf1 f5 19. Ne3 Bxf3 20. Qxf3 f4 21. Qxh5
fxe3 22. Rxe3 g6 23. Qe2 Rf7 24. b3 Raf8 25. Rf1 Qg5 26. bxc4 h5 27. cxb5 axb5
28. Bb3 h4 29. Qxb5 Kg7 30. Bxf7 Rxf7 31. a4 hxg3 32. Rxg3 Qh5 33. Qd3 Kg8 34.
Qe3 Rh7 35. h3 exd4 36. cxd4 Nd8 37. Qg5 Qxg5 38. Rxg5 Rxh3 39. Rxg6+ 1-0

[Event "Mechanics' Fall TNM; 30/90, SD/30"]
[Site "San Francisco"]
[Date "2013.10.22"]
[Round "1.3"]
[White "Campers Jr, Willie"]
[Black "Shakhnazarov, Oleg"]
[Result "0-1"]
[WhiteElo "1782"]
[BlackElo "2187"]
[PlyCount "58"]
[EventDate "2013.??.??"]

1. e4 c5 2. Nc3 Nc6 3. Nf3 e5 4. d3 Be7 5. Be2 d6 6. Be3 Be6 7. Qd2 h6 8. h3
Nf6 9. g4 a6 10. Na4 b5 11. Nc3 Rc8 12. Bf1 Nd4 13. Bg2 h5 14. g5 Nh7 15. h4
Bg4 16. Nh2 Be6 17. Ne2 Nf8 18. c3 Nc6 19. f4 exf4 20. Nxf4 Ne5 21. Qe2 Nfg6
22. Nxh5 Kf8 23. d4 Bc4 24. Qd1 Nxh4 25. Rg1 Nd3+ 26. Kd2 cxd4 27. cxd4 Qa5+
28. Kc2 Nb4+ 29. Kd2 Nd5+ 0-1

[Event "Mechanics' Fall TNM; 30/90, SD/30"]
[Site "San Francisco"]
[Date "2013.12.17"]
[Round "9.15"]
[White "Campers Jr, Willie"]
[Black "Vichik, Adam"]
[Result "1/2-1/2"]
[WhiteElo "1782"]
[BlackElo "1262"]
[PlyCount "86"]
[EventDate "2013.??.??"]

1. e4 e6 2. d4 d5 3. Nc3 Bb4 4. e5 c5 5. a3 Bxc3+ 6. bxc3 Qc7 7. Bd2 Ne7 8. Nf3
Nbc6 9. Be2 Nf5 10. Bd3 Nfe7 11. O-O Bd7 12. Re1 Rb8 13. Be3 c4 14. Bf1 Nf5 15.
Bc1 Qa5 16. g4 Nfe7 17. Qd2 b5 18. Rb1 Ng6 19. h4 Qd8 20. h5 Nh4 21. Nxh4 Qxh4
22. Qf4 g6 23. h6 Rg8 24. Qg5 Qxg5 25. Bxg5 a6 26. Bh3 Rb7 27. Red1 Bc8 28. f4
Kd7 29. Kf2 Kc7 30. Ke3 Bd7 31. Rf1 a5 32. Bh4 Rgb8 33. Be1 b4 34. cxb4 axb4
35. axb4 Nxb4 36. Bxb4 Rxb4 37. Rxb4 Rxb4 38. f5 g5 39. fxe6 Bxe6 40. Ra1 Kb7
41. Ra5 Rb6 42. Kd2 Ra6 43. Rc5 Rc6 1/2-1/2

[Event "Mechanics' Fall TNM; 30/90, SD/30"]
[Site "San Francisco"]
[Date "2013.12.03"]
[Round "7.20"]
[White "Campers Jr, Willie"]
[Black "Weiss, Nicholas G"]
[Result "1-0"]
[WhiteElo "1782"]
[BlackElo "1191"]
[PlyCount "43"]
[EventDate "2013.??.??"]

1. e4 c6 2. d4 d5 3. e5 e6 4. Bd3 c5 5. c3 Qa5 6. Bd2 Nc6 7. Nf3 cxd4 8. cxd4
Qb6 9. Bc3 Be7 10. a3 f6 11. O-O Nh6 12. Nh4 Nxd4 13. Bxd4 Qxd4 14. Bb5+ Bd7
15. Bxd7+ Kxd7 16. Qxd4 fxe5 17. Qa4+ Kd8 18. Nf3 e4 19. Nd4 Ng4 20. Nxe6+ Kc8
21. Rc1+ Kb8 22. Qd7 1-0

[Event "Mechanics' Fall TNM; 30/90, SD/30"]
[Site "San Francisco"]
[Date "2013.12.17"]
[Round "9.6"]
[White "Casares, Nick"]
[Black "Chernobilskiy, Mikhail"]
[Result "1-0"]
[WhiteElo "1600"]
[BlackElo "1883"]
[PlyCount "47"]
[EventDate "2013.??.??"]

1. e4 a6 2. d4 b5 3. Nf3 Bb7 4. Bd3 Nf6 5. Qe2 e6 6. a3 c5 7. c3 d6 8. Bg5 Be7
9. Nbd2 Nbd7 10. O-O e5 11. d5 h6 12. Bh4 g5 13. Bg3 Nb6 14. b3 h5 15. h4 g4
16. Ng5 Nfxd5 17. exd5 Bxg5 18. hxg5 h4 {Diagram #} 19. Bxe5 $1 O-O 20. Qxg4
dxe5 21. Qf5 Re8 22. Qh7+ Kf8 23. Qh8+ Ke7 24. Qxe5+ 1-0

[Event "Mechanics' Fall TNM; 30/90, SD/30"]
[Site "San Francisco"]
[Date "2013.12.10"]
[Round "8.20"]
[White "Casares Jr, Nick"]
[Black "Chalissery, Jossy"]
[Result "1-0"]
[WhiteElo "1600"]
[BlackElo "1760"]
[Annotator "Donaldson"]
[PlyCount "41"]
[EventDate "2013.??.??"]

1. e4 b6 2. d4 Bb7 3. Nc3 e6 4. Nf3 Bb4 5. Bd3 Nf6 6. Qe2 O-O 7. O-O a5 8. a3
Bxc3 9. bxc3 d5 10. e5 Nfd7 $2 {Diagram #} (10... Ne4 11. c4 $16) 11. Bxh7+ $1
Kh8 (11... Kxh7 12. Ng5+ Kg6 (12... Kg8 13. Qh5) 13. Qd3+) 12. Ng5 g6 13. Qg4
Kg7 14. Qh3 Rh8 15. Nxe6+ fxe6 16. Qh6+ Kf7 17. Qxg6+ Ke7 18. Bg5+ Nf6 19.
Bxf6+ Kd7 20. Bxd8 Rxd8 21. Bg8 1-0

[Event "Mechanics' Fall TNM; 30/90, SD/30"]
[Site "San Francisco"]
[Date "2013.11.26"]
[Round "6.34"]
[White "Casares Jr, Nick"]
[Black "Hilliard, Michael"]
[Result "1-0"]
[WhiteElo "1600"]
[BlackElo "1400"]
[PlyCount "91"]
[EventDate "2013.??.??"]

1. e4 c6 2. d4 d5 3. exd5 cxd5 4. c4 e6 5. c5 Nf6 6. Nc3 b6 7. b4 bxc5 8. bxc5
a6 9. Nf3 g6 10. Bg5 Bg7 11. Be2 O-O 12. O-O Nc6 13. Rb1 Qa5 14. Bd2 Qc7 15.
Re1 Nd7 16. Be3 Nxc5 17. Qd2 Nd7 18. Bf4 Qa7 19. Red1 a5 20. Nb5 Qb6 21. Nc7
Qa7 22. Nxa8 Qxa8 23. Bb5 Ba6 24. Bxc6 Qxc6 25. Rdc1 Qa4 26. Rc7 Nf6 27. Bd6
Ne4 28. Qf4 Qxa2 29. Rbc1 Qxf2+ 30. Kh1 Nxd6 31. Qxd6 Bf1 32. Qg3 Qxg3 33. hxg3
Bc4 34. Nd2 Bh6 35. Rc2 Bxd2 36. Rxd2 Ra8 37. Rf2 f5 38. Rb2 a4 39. Rbb7 a3 40.
Rg7+ Kf8 41. Rxh7 Kg8 42. Rhg7+ Kf8 43. Rbf7+ Ke8 44. Re7+ Kd8 45. Rb7 Kc8 46.
Rbf7 1-0

[Event "Mechanics' Fall TNM; 30/90, SD/30"]
[Site "San Francisco"]
[Date "2013.11.12"]
[Round "4.31"]
[White "Casares Jr, Nick"]
[Black "Nyangar, Enkhmaa"]
[Result "0-1"]
[WhiteElo "1600"]
[BlackElo "1570"]
[PlyCount "94"]
[EventDate "2013.??.??"]

1. e4 e5 2. Nf3 Nc6 3. Bc4 Nf6 4. Ng5 d5 5. exd5 Na5 6. Bb5+ c6 7. dxc6 Nxc6 8.
h3 Bc5 9. Nc3 O-O 10. O-O Nd4 11. Ba4 a6 12. d3 b5 13. Bb3 Bb7 14. Be3 Nd7 15.
Qh5 Nf6 16. Bxf7+ Kh8 17. Qd1 h6 18. Ne6 Nxe6 19. Bxe6 Bd6 20. Qd2 Qe7 21. Bb3
Rad8 22. f3 b4 23. Ne4 Bb8 24. Bc5 Nxe4 25. fxe4 Qxc5+ 26. Kh1 Bxe4 27. Rae1
Bd5 28. Bxd5 Rxf1+ 29. Rxf1 Rxd5 30. Qe2 Qd6 31. Qe4 Rd4 32. Qb7 Rf4 33. Rxf4
exf4 34. Qc8+ Kh7 35. Qf5+ Qg6 36. Qxg6+ Kxg6 37. Kg1 Ba7+ 38. Kf1 Kf5 39. Ke2
Ke5 40. Kf3 Bd4 41. b3 Be3 42. g3 g5 43. g4 Kd4 44. Ke2 Kc3 45. Kd1 f3 46. Ke1
f2+ 47. Ke2 Kxc2 0-1